Vplyv zavedenia eura na podnikanie v hotelierstve na Slovensku

Zavedenie eura - východiská, prijaté dokumenty. Zavedenie eura na Slovensku. Príprava na zavedenie eura v hotelierstve. Potreba dôkladnej prípravy na zavedenie eura v hotelierstve.

Gespeichert in:
Bibliographische Detailangaben
1. Verfasser: Gúčik, Marián
Weitere Verfasser: Malachovský, Andrej
Format: Buchkapitel
Sprache:Slowakisch
Schlagworte:
Tags: Tag hinzufügen
Keine Tags, Fügen Sie das erste Tag hinzu!

MARC

LEADER 00000naa$a2200000$$$4500
001 0052034
005 20221128095406.3
041 0 |a slo 
044 |a SK 
245 1 0 |a Vplyv zavedenia eura na podnikanie v hotelierstve na Slovensku  |c Marián Gúčik, Andrej Malachovský 
520 |a Zavedenie eura - východiská, prijaté dokumenty. Zavedenie eura na Slovensku. Príprava na zavedenie eura v hotelierstve. Potreba dôkladnej prípravy na zavedenie eura v hotelierstve. 
610 2 0 |a euro 
610 2 0 |a euromena 
610 2 0 |a dokumenty 
610 2 0 |a hotelierstvo 
610 2 0 |a Slovensko 
100 1 |a Gúčik, Marián 
700 1 |a Malachovský, Andrej